000 00426cam a2200145 4500500
005 20251012023105.0
041 _afre
042 _adc
100 1 0 _aBourgeois, Didier
_eauthor
245 0 0 _aLe coin littéraire
260 _c2005.
500 _a68
786 0 _nPsy Cause | º39 | 1 | 2005-01-01 | p. 51-52 | 1245-2394
856 4 1 _uhttps://shs.cairn.info/revue-psy-cause-2005-1-page-51?lang=fr&redirect-ssocas=7080
999 _c1541188
_d1541188